Statistics for The Legend of Zelda Games

Click here to take the quiz!

General Stats

  • This quiz has been taken 30 times
  • The average score is 15 of 18

Answer Stats

YearConsoleGame% Correct
1986NESThe Legend of Zelda
100%
2002Nintendo GamecubeThe Legend of Zelda: The Wind Waker
96%
2011Nintendo WiiThe Legend of Zelda: Skyward Sword
96%
2017Nintendo Wii U/ SwitchThe Legend of Zelda: Breath of the Wild
96%
1998Nintendo 64The Legend of Zelda: Ocarina of Time
92%
2000Nintendo 64The Legend of Zelda: Majora's Mask
92%
1991Super NintendoThe Legend of Zelda: A Link to the Past
92%
2006Nintendo Gamecube/ WiiThe Legend of Zelda: Twilight Princess
88%
1993Game BoyThe Legend of Zelda: Link's Awakening
84%
2004Game Boy AdvanceThe Legend of Zelda: The Minish Cap
80%
2009Nintendo DSThe Legend of Zelda: Spirit Tracks
80%
2013Nintendo 3DSThe Legend of Zelda: A Link Between Worlds
80%
2004Nintendo GamecubeThe Legend of Zelda: Four Swords Adventures
80%
2001Game Boy ColorThe Legend of Zelda: Oracle of Seasons
76%
2007Nintendo DSThe Legend of Zelda: Phantom Hourglass
76%
2001Game Boy ColorThe Legend of Zelda: Oracle of Ages
72%
1987NESZelda II: The Adventure of Link
60%
2015Nintendo 3DSThe Legend of Zelda: Tri Force Heroes
60%

Score Distribution

Percentile by Number Answered

Percent of People with Each Score

Your Score History

You have not taken this quiz